Diccionari de la rima / (Record no. 63474)

MARC details
000 -LEADER
campo de control de longitud fija 00583nam a2200181 i 4500
001 - NÚMERO DE CONTROL
campo de control 63474
003 - IDENTIFICADOR DE NÚMERO DE CONTROL
campo de control ES-MaACL
005 - FECHA Y HORA DE LA ÚLTIMA TRANSACCIÓN
campo de control 20230906164859.0
007 - CAMPO FIJO DE DESCRIPCIÓN FÍSICA--INFORMACIÓN GENERAL
campo de control de longitud fija t|
008 - DATOS DE LONGITUD FIJA--INFORMACIÓN GENERAL
campo de control de longitud fija 031210s1956 sp d |||| | cat d
100 1# - ENTRADA PRINCIPAL--NOMBRE DE PERSONA
Nombre de persona Ferrer Pastor, Francisco.
9 (RLIN) 50490
245 10 - MENCIÓN DEL TÍTULO
Título Diccionari de la rima /
Mención de responsabilidad, etc. per Francesc Ferrer Pastor amb la col-laboració de Josep Giner.
260 ## - PUBLICACIÓN, DISTRIBUCIÓN, ETC.
Lugar de publicación, distribución, etc. Valencia :
Nombre del editor, distribuidor, etc. Frederic Domenech,
Fecha de publicación, distribución, etc. [1956]
300 ## - DESCRIPCIÓN FÍSICA
Extensión LXVIII, 1122 p. ;
Dimensiones 22 cm.
650 #4 - PUNTO DE ACCESO ADICIONAL DE MATERIA--TÉRMINO DE MATERIA
Término de materia o nombre geográfico como elemento de entrada Lengua valenciana-
Subdivisión general Rima-
Subdivisión de forma Diccionarios.
9 (RLIN) 165805
700 1# - ENTRADA AGREGADA--NOMBRE PERSONAL
Nombre de persona Giner, Josep.
9 (RLIN) 57115
852 ## - LOCALIZACIÓN
Ubicación ES-MaACL
Número de control de estantería C-11305
Holdings
Estatus retirado Estado de pérdida Estado de daño No para préstamo Biblioteca de origen Biblioteca actual Ubicación en estantería Fecha de adquisición Fuente de adquisición Total de préstamos Signatura topográfica completa Código de barras Visto por última vez Precio de reemplazo Tipo de ítem Koha
        Biblioteca del Ateneo de Madrid Biblioteca del Ateneo de Madrid Sala Palomar 17/01/2008     C-11305 1066531 23/02/2023 23/02/2023 Libro impreso